| 000 | 01221nam a2200313 a 4500 | ||
|---|---|---|---|
| 001 | 000027640 | ||
| 003 | DO-SdBNP | ||
| 005 | 20251203110914.0 | ||
| 007 | ta | ||
| 008 | 110404s1976 dr ab r 001 0 spa d | ||
| 040 |
_aDO-SdBNP _bspa _cBNPHU |
||
| 082 | 4 |
_a972.9301 _bV443m _222 |
|
| 100 | 1 |
_aVeloz Maggiolo, Marcio, _d1936-2021 _91104 |
|
| 245 | 1 | 0 |
_aMedio ambiente y adaptación humana en la prehistoria de Santo Domingo / _cMarcio Veloz Maggiolo. |
| 260 |
_aSanto Domingo : _aTaller, _c1976. |
||
| 300 |
_av. : _bil., mapas ; _c22 cm. |
||
| 490 |
_aPublicaciones de la Universidad Autónoma de Santo Domingo; _v200 |
||
| 490 |
_aHistoria y sociedad; _v24 |
||
| 500 | _aLa biblioteca posee v. 1 y 2. | ||
| 590 | _aInventariado, 2019/BT | ||
| 650 | 4 |
_aArqueología e historia _933829 |
|
| 650 | 4 |
_aArqueología indígena _95209 |
|
| 650 | 4 |
_aArte precolombino _954172 |
|
| 651 | 4 |
_a Santo Domingo (República Dominicana) _xArqueología _985361 |
|
| 651 | 4 |
_aRepública Dominicana _xHistoria _yÉpoca prehispánica, hasta 1492 _978065 |
|
| 830 | 0 |
_aPublicaciones de la Universidad Autónoma de Santo Domingo _v200 _pHistoria y sociedad _n24 _954731 |
|
| 910 | _aValidado. Control de calidad. EMS | ||
| 942 |
_2ddc _cLBS1 |
||
| 999 |
_c27132 _d27132 |
||